000 01475nac a22003491u 4500
010 _a 2004044763
020 _a0312294018
022 _a1403971463
035 _a(OCoLC)ocm55106270
082 0 0 _a305.6970944
_bCES
090 _c4907
_d4907
100 _aCesari, Jocelyne.
245 1 0 _aWhen Islam and democracy meet :
_bMuslims in Europe and in the United States.
250 _a1st ed.
260 _aNew York :
_bPalgrave Macmillan,
_c2004.
300 _ax, 267 p. ;
_c22 cm.
504 _aIncludes bibliographical references (p. [219]-261) and index.
511 _acatalogued by: wessam
650 0 _aMuslims
_zEurope.
650 0 _aIslam
_zEurope.
650 0 _aMuslims
_zUnited States.
650 0 _aIslam
_zUnited States.
651 0 _aEurope
_xRelations
_zIslamic countries.
651 0 _aIslamic countries
_xRelations
_zEurope.
651 0 _aUnited States
_xRelations
_zIslamic countries.
651 0 _aIslamic countries
_xRelations
_zUnited States.
856 4 1 _3Table of contents only
_uhttp://www.loc.gov/catdir/toc/fy053/2004044763.html
856 4 1 _3Publisher description
_uhttp://www.loc.gov/catdir/description/hol053/2004044763.html
856 4 1 _3Contributor biographical information
_uhttp://www.loc.gov/catdir/enhancements/fy0617/2004044763-b.html
942 _cBB
_k305.6970944CES
999 _c4907
_d4907